Foundations of dynamic economic analysis : optimal control theory and applications (Record no. 263603)

MARC details
000 -LEADER
fixed length control field 00762nam a2200229Ia 4500
008 - FIXED-LENGTH DATA ELEMENTS--GENERAL INFORMATION
fixed length control field 191130s2005##################000#0#eng##
020 ## - INTERNATIONAL STANDARD BOOK NUMBER
ISBN 9780521842723
082 ## - DEWEY DECIMAL CLASSIFICATION NUMBER
Classification number 330.01515642 CAP
100 ## - MAIN ENTRY--AUTHOR NAME
Personal name Caputo, Michael Ralph
245 ## - TITLE STATEMENT
Title Foundations of dynamic economic analysis : optimal control theory and applications
Statement of responsibility, etc Michael R. Caputo
260 ## - PUBLICATION, DISTRIBUTION, ETC. (IMPRINT)
Place of publication Cambridge
Name of publisher Cambridge University Press
Year of publication 2005
300 ## - PHYSICAL DESCRIPTION
Number of Pages xii, 579 p. : ill. ; 25 cm
500 ## - GENERAL NOTE
General note Includes bibliographical references and index
650 ## - SUBJECT ADDED ENTRY--TOPICAL TERM
Topical Term Control theory
Topical Term Economics - Mathematical models
Topical Term Mathematical optimization
991 ## -
-- 190324
Holdings
Withdrawn status Lost status Damaged status Not for loan Home library Current library Shelving location Date acquired Full call number Accession Number Price effective from Koha item type
        Anna Centenary Library Anna Centenary Library 4TH FLOOR, A WING 13.10.2020 330.01515642 CAP 198170 13.10.2020 English Books

Find us on the map